[Event "HUN-chT2 Toth 0910"]
[Site "Hungary"]
[Date "2009.11.08"]
[Round "1.3"]
[White "Zsiros, Gyorgy"]
[Black "Stanciu, Alexandru Ovidiu"]
[Result "0-1"]
[WhiteElo "1958"]
[BlackElo "2179"]
[PlyCount "70"]
[EventDate "2009.11.08"]
[EventType "team-tourn"]
[EventRounds "11"]
[EventCountry "HUN"]
[SourceTitle "EXT 2011"]
[Source "ChessBase"]
[SourceDate "2010.11.26"]
[SourceVersion "1"]
[SourceVersionDate "2010.11.26"]
[SourceQuality "1"]
[WhiteTeam "Mezobereny"]
[BlackTeam "Kisujszallas"]
[WhiteTeamCountry "HUN"]
[BlackTeamCountry "HUN"]

1. e4 c5 2. Nf3 e6 3. d4 cxd4 4. Nxd4 a6 5. Nc3 Qc7 6. Bd3 d6 7. Be3 Nd7 8. f4 Ngf6 9. Nb3 b5 10. a3 Bb7 11. g4 d5 12. exd5 Nxd5 13. Nxd5 Bxd5 14. Rf1 Rd8 15. Qe2 Be7 16. g5 g6 17. Bd4 0-0 18. h4 e5 19. fxe5 Rfe8 20. Kd2 Nb6 21. Rae1 Bxb3 22. cxb3 Rxd4 23. Rxf7 Rxd3+ 24. Kxd3 Rd8+ 25. Ke4 Qc6+ 26. Kf4 Kxf7 27. e6+ Kg8 28. Kg4 Rd4+ 29. Kh3 Qd5 30. Qf2 Rd3+ 31. Kh2 Rd2 32. Re2 Bd6+ 33. Kh3 Rd3+ 34. Re3 Qh1+ 35. Kg4 Rd4+ 0-1

[Event "HUN-chT2 Toth 0809"]
[Site "Hungary"]
[Date "2009.04.05"]
[Round "10.5"]
[White "Berecz, Arpad"]
[Black "Zsiros, Gyorgy"]
[Result "1-0"]
[WhiteElo "2108"]
[BlackElo "1953"]
[PlyCount "71"]
[EventDate "2008.10.26"]
[EventType "team-tourn"]
[EventRounds "11"]
[EventCountry "HUN"]
[SourceTitle "EXT 2010"]
[Source "ChessBase"]
[SourceDate "2010.11.25"]
[SourceVersion "1"]
[SourceVersionDate "2010.11.25"]
[SourceQuality "1"]
[WhiteTeam "Maroczy II"]
[BlackTeam "Mezobereny"]
[WhiteTeamCountry "HUN"]
[BlackTeamCountry "HUN"]

1. e4 c5 2. Nf3 Nc6 3. d4 cxd4 4. Nxd4 g6 5. c4 Bg7 6. Be3 Nf6 7. Nc3 0-0 8. Be2 d6 9. 0-0 Bd7 10. Qd2 a6 11. h3 Qc8 12. Kh2 Rb8 13. Rac1 Re8 14. a3 h6 15. b4 Kh7 16. f3 Nh5 17. Nd5 b6 18. b5 Nxd4 19. Bxd4 e5 20. Bxb6 Be6 21. Be3 f5 22. bxa6 Rb3 23. a7 Qb7 24. Bd3 Bxd5 25. cxd5 f4 26. Bg1 Ra8 27. Rb1 Nf6 28. a4 Nd7 29. Bb5 Rxb1 30. Rxb1 Nc5 31. Bxc5 dxc5 32. d6 Qxa7 33. Qd5 Bf6 34. Rc1 Rf8 35. Qxc5 Qa5 36. Qc7+ 1-0

[Event "HUN-chT2 Toth 0809"]
[Site "Hungary"]
[Date "2009.01.25"]
[Round "6.5"]
[White "Salanki, Endre"]
[Black "Zsiros, Gyorgy"]
[Result "1-0"]
[WhiteElo "2278"]
[BlackElo "1953"]
[PlyCount "65"]
[EventDate "2008.10.26"]
[EventType "team-tourn"]
[EventRounds "11"]
[EventCountry "HUN"]
[SourceTitle "EXT 2010"]
[Source "ChessBase"]
[SourceDate "2010.11.25"]
[SourceVersion "1"]
[SourceVersionDate "2010.11.25"]
[SourceQuality "1"]
[WhiteTeam "Toth Laszlo"]
[BlackTeam "Mezobereny"]
[WhiteTeamCountry "HUN"]
[BlackTeamCountry "HUN"]

1. c4 Nf6 2. Nc3 g6 3. e4 d6 4. g3 Bg7 5. Bg2 0-0 6. Nge2 c6 7. d4 Bd7 8. h3 Qc8 9. Be3 Na6 10. Qd2 Nc7 11. Rc1 a6 12. Na4 Rb8 13. Nb6 Qd8 14. e5 Nfe8 15. 0-0 Na8 16. Nxd7 Qxd7 17. f4 Nac7 18. Rfd1 d5 19. Nc3 dxc4 20. d5 cxd5 21. Nxd5 Nxd5 22. Qxd5 Qxd5 23. Rxd5 f6 24. Rxc4 fxe5 25. fxe5 e6 26. Rd7 Bxe5 27. Ba7 Ra8 28. Bf2 Nd6 29. Rc5 Rxf2 30. Rxe5 Nc4 31. Rxe6 Raf8 32. Ree7 R8f5 33. Re8+ 1-0

[Event "HUN-chT2 Toth 0809"]
[Site "Hungary"]
[Date "2008.11.30"]
[Round "3.4"]
[White "Csuri, Laszlo"]
[Black "Zsiros, Gyorgy"]
[Result "1/2-1/2"]
[WhiteElo "2072"]
[BlackElo "1953"]
[PlyCount "65"]
[EventDate "2008.10.26"]
[EventType "team-tourn"]
[EventRounds "11"]
[EventCountry "HUN"]
[SourceTitle "EXT 2010"]
[Source "ChessBase"]
[SourceDate "2010.11.25"]
[SourceVersion "1"]
[SourceVersionDate "2010.11.25"]
[SourceQuality "1"]
[WhiteTeam "Vasarhelyi"]
[BlackTeam "Mezobereny"]
[WhiteTeamCountry "HUN"]
[BlackTeamCountry "HUN"]

1. d4 Nf6 2. Nc3 g6 3. e4 d6 4. f4 Bg7 5. Nf3 0-0 6. Bd3 c5 7. dxc5 dxc5 8. e5 Nd5 9. Nxd5 Qxd5 10. Qe2 Nc6 11. c3 b6 12. Be4 Qd7 13. 0-0 Bb7 14. Be3 Rad8 15. Rad1 Qc8 16. Rde1 Na5 17. Bxb7 Qxb7 18. b4 cxb4 19. cxb4 Nc6 20. b5 Nb4 21. a3 Nd3 22. Rd1 Qe4 23. Ng5 Qc4 24. Rd2 Rd5 25. Rfd1 Rfd8 26. e6 fxe6 27. Nxe6 R8d6 28. Nxg7 Kxg7 29. a4 Qb3 30. h3 Kf7 31. f5 Ne5 32. fxg6+ hxg6 33. Rxd5 1/2-1/2

[Event "HUN-chT2 Toth 0809"]
[Site "Hungary"]
[Date "2008.10.26"]
[Round "1.5"]
[White "Zsiros, Gyorgy"]
[Black "Sakic, Simeon"]
[Result "1-0"]
[WhiteElo "1953"]
[BlackElo "1983"]
[PlyCount "71"]
[EventDate "2008.10.26"]
[EventType "team-tourn"]
[EventRounds "11"]
[EventCountry "HUN"]
[SourceTitle "EXT 2010"]
[Source "ChessBase"]
[SourceDate "2010.11.25"]
[SourceVersion "1"]
[SourceVersionDate "2010.11.25"]
[SourceQuality "1"]
[WhiteTeam "Mezobereny"]
[BlackTeam "Szentes"]
[WhiteTeamCountry "HUN"]
[BlackTeamCountry "HUN"]

1. e4 e5 2. Nf3 Nc6 3. d4 exd4 4. Nxd4 Bc5 5. Be3 Qf6 6. c3 Nge7 7. Bc4 d6 8. 0-0 Ne5 9. Be2 a6 10. f4 N5c6 11. g4 h6 12. Na3 Bxa3 13. bxa3 0-0 14. g5 hxg5 15. fxg5 Qg6 16. Bd3 Ne5 17. Nf5 N7c6 18. Bc2 Be6 19. h4 Bc4 20. Rf2 Qe6 21. h5 Bxa2 22. Rxa2 Qxa2 23. Bb3 Qxa3 24. Ra2 Qxa2 25. Bxa2 Kh7 26. g6+ fxg6 27. hxg6+ Kxg6 28. Qe2 Rxf5 29. exf5+ Kf6 30. Qh5 g6 31. Qg5+ Kg7 32. f6+ Kf8 33. Qh6+ Ke8 34. Qh8+ Kd7 35. Qg7+ Ke8 36. Qg8+ 1-0

[Event "HUN-chT2 Toth 0708"]
[Site "Hungary"]
[Date "2008.03.30"]
[Round "9"]
[White "Magi, Tibor"]
[Black "Zsiros, Gyorgy"]
[Result "0-1"]
[WhiteElo "1908"]
[BlackElo "1929"]
[PlyCount "112"]
[EventDate "2007.10.14"]
[EventType "team"]
[EventRounds "11"]
[EventCountry "HUN"]
[SourceTitle "EXT 2009"]
[Source "ChessBase"]
[SourceDate "2008.11.26"]
[SourceVersion "1"]
[SourceVersionDate "2008.11.26"]
[SourceQuality "1"]
[WhiteTeam "Nadudvar"]
[BlackTeam "Mezobereny"]
[WhiteTeamCountry "HUN"]
[BlackTeamCountry "HUN"]

1. c4 Nf6 2. Nc3 g6 3. d4 Bg7 4. Nf3 0-0 5. e4 d6 6. Be2 c5 7. d5 a6 8. 0-0 Ne8 9. Rb1 f5 10. Bd3 fxe4 11. Nxe4 Bg4 12. Be2 Bf5 13. Bd3 Nd7 14. Neg5 Nc7 15. Bxf5 Rxf5 16. g4 Rf8 17. Re1 Ne5 18. Nxe5 Bxe5 19. Qd3 Qd7 20. Re4 e6 21. dxe6 Qe7 22. Bd2 Qf6 23. f4 Bxb2 24. Qh3 Bd4+ 25. Kh1 Qg7 26. Rxb7 Rfe8 27. Nf7 Re7 28. Qb3 Rxe6 29. Rxe6 Nxe6 30. Nxd6 Qf8 31. Nf7 Qe8 32. Qf3 Nd8 33. Nh6+ Kh8 34. Re7 Qxe7 35. Qxa8 Kg7 36. g5 Qe2 37. h4 Qf1+ 38. Kh2 Bg1+ 39. Kg3 Bf2+ 40. Kg4 Qg1+ 41. Kf3 Qh1+ 42. Kxf2 Qxa8 43. f5 gxf5 44. Nxf5+ Kf8 45. Ke3 Ne6 46. Kd3 Qf3+ 47. Ne3 Nd4 48. a4 Qf2 49. h5 Qe2+ 50. Kc3 Qxh5 51. Nd5 Qf3+ 52. Be3 Qd1 53. Bxd4 Qxd4+ 54. Kb3 Qd3+ 55. Nc3 Kg7 56. a5 Kg6 0-1

[Event "HUN-chT2 Toth 0708"]
[Site "Hungary"]
[Date "2008.02.17"]
[Round "6"]
[White "Zsiros, Gyorgy"]
[Black "Kovacs, Jozsef"]
[Result "0-1"]
[WhiteElo "1929"]
[BlackElo "2026"]
[PlyCount "70"]
[EventDate "2007.10.14"]
[EventType "team"]
[EventRounds "11"]
[EventCountry "HUN"]
[SourceTitle "EXT 2009"]
[Source "ChessBase"]
[SourceDate "2008.11.26"]
[SourceVersion "1"]
[SourceVersionDate "2008.11.26"]
[SourceQuality "1"]
[WhiteTeam "Mezobereny"]
[BlackTeam "Karcag"]
[WhiteTeamCountry "HUN"]
[BlackTeamCountry "HUN"]

1. e4 g6 2. d4 Bg7 3. Be3 d6 4. Nc3 Nd7 5. Qd2 e5 6. d5 Ngf6 7. f3 a6 8. g4 h5 9. gxh5 Nxh5 10. 0-0-0 Ng3 11. hxg3 Rxh1 12. Bh3 Nf6 13. Qg2 Bxh3 14. Qxh1 Bd7 15. Bh6 Kf8 16. g4 Kg8 17. Nge2 Nh7 18. Be3 Bf6 19. Kb1 Bg5 20. Bf2 Qf6 21. Qh3 Kg7 22. f4 Bxf4 23. Nxf4 Qxf4 24. Be3 Bxg4 25. Qxh7+ Kxh7 26. Rh1+ Kg7 27. Bxf4 exf4 28. Rf1 f3 29. Kc1 Rh8 30. Kd2 Rh2+ 31. Kd3 Bh5 32. Nb1 g5 33. Nd2 g4 34. Ke3 Re2+ 35. Kd3 Kh6 0-1

[Event "HUN-chT2 Toth 0708"]
[Site "Hungary"]
[Date "2007.12.16"]
[Round "5"]
[White "Fabian Nagy, Sandor"]
[Black "Zsiros, Gyorgy"]
[Result "1/2-1/2"]
[WhiteElo "2093"]
[BlackElo "1920"]
[PlyCount "69"]
[EventDate "2007.10.14"]
[EventType "team"]
[EventRounds "11"]
[EventCountry "HUN"]
[SourceTitle "EXT 2009"]
[Source "ChessBase"]
[SourceDate "2008.11.26"]
[SourceVersion "1"]
[SourceVersionDate "2008.11.26"]
[SourceQuality "1"]
[WhiteTeam "Szentes"]
[BlackTeam "Mezobereny"]
[WhiteTeamCountry "HUN"]
[BlackTeamCountry "HUN"]

1. e4 c5 2. Nf3 Nc6 3. c3 g6 4. d4 cxd4 5. cxd4 Bg7 6. d5 Ne5 7. Nd4 d6 8. Nc3 Qb6 9. Bb5+ Bd7 10. Be3 Bxb5 11. Ndxb5 Qa5 12. Bd4 Nf6 13. 0-0 0-0 14. f4 Ned7 15. e5 Ne4 16. Qe2 Nxc3 17. Nxc3 Rac8 18. Rab1 Qb4 19. Rfd1 Rc4 20. a3 Qb3 21. g3 b5 22. Qe3 dxe5 23. Bxe5 b4 24. Bxg7 Kxg7 25. axb4 Qxb4 26. Qxa7 Nb6 27. Re1 Qc5+ 28. Kf1 Re8 29. Rbd1 Rb4 30. Rd2 Rd4 31. Rde2 Kf8 32. Ne4 Qb5 33. Kg1 Rd1 34. Nc3 Rxe1+ 35. Rxe1 1/2-1/2

[Event "HUN-chT2 Toth 0708"]
[Site "Hungary"]
[Date "2007.11.11"]
[Round "2"]
[White "Zsiros, Gyorgy"]
[Black "Nagy Dani, Karoly"]
[Result "1-0"]
[WhiteElo "1920"]
[BlackElo "2050"]
[PlyCount "39"]
[EventDate "2007.10.14"]
[EventType "team"]
[EventRounds "11"]
[EventCountry "HUN"]
[SourceTitle "EXT 2009"]
[Source "ChessBase"]
[SourceDate "2008.11.26"]
[SourceVersion "1"]
[SourceVersionDate "2008.11.26"]
[SourceQuality "1"]
[WhiteTeam "Mezobereny"]
[BlackTeam "Roszke"]
[WhiteTeamCountry "HUN"]
[BlackTeamCountry "HUN"]

1. e4 e6 2. d4 d5 3. Nc3 dxe4 4. Nxe4 Be7 5. Be3 Nd7 6. Nf3 Ngf6 7. Ng3 Nd5 8. Bd3 Nxe3 9. fxe3 Nf6 10. c3 Nd5 11. Qe2 c5 12. Ne5 0-0 13. 0-0 cxd4 14. Bxh7+ Kxh7 15. Qh5+ Kg8 16. Nxf7 Rxf7 17. Rxf7 Nxe3 18. Qg6 Bf6 19. Nh5 Nf5 20. Nxf6+ 1-0

[Event "HUN-chT2 Toth 0708"]
[Site "Hungary"]
[Date "2007.10.14"]
[Round "1"]
[White "Papp, Petra"]
[Black "Zsiros, Gyorgy"]
[Result "1-0"]
[WhiteElo "1945"]
[BlackElo "1920"]
[PlyCount "113"]
[EventDate "2007.10.14"]
[EventType "team"]
[EventRounds "11"]
[EventCountry "HUN"]
[SourceTitle "EXT 2009"]
[Source "ChessBase"]
[SourceDate "2008.11.26"]
[SourceVersion "1"]
[SourceVersionDate "2008.11.26"]
[SourceQuality "1"]
[WhiteTeam "Maroczy II"]
[BlackTeam "Mezobereny"]
[WhiteTeamCountry "HUN"]
[BlackTeamCountry "HUN"]

1. e4 c5 2. Nf3 Nc6 3. d4 cxd4 4. Nxd4 g6 5. c4 Bg7 6. Be3 Nf6 7. Nc3 0-0 8. Be2 d6 9. 0-0 Bd7 10. Nxc6 Bxc6 11. f3 Qa5 12. a3 Qh5 13. Qd2 Bd7 14. Rad1 a6 15. Qc1 Rae8 16. Rf2 Bc6 17. Nd5 Nxd5 18. cxd5 Ba4 19. g4 Qe5 20. Rd4 Qxd4 21. Bxd4 Bxd4 22. Qc4 Bxf2+ 23. Kxf2 Bb5 24. Qb4 Bxe2 25. Kxe2 Rb8 26. Qb6 Rfc8 27. Kd3 Kf8 28. f4 Ke8 29. Qd4 f6 30. e5 Kf7 31. g5 Rc1 32. Kd2 fxe5 33. fxe5 Rf1 34. exd6 Rf5 35. dxe7 Kxe7 36. Qe4+ Kd6 37. Qe6+ Kc5 38. b4+ Kc4 39. Qe4+ Kb5 40. Qd3+ Ka4 41. d6 Rd8 42. h4 Rd7 43. Kc3 Rd8 44. d7 a5 45. Kc4 axb4 46. Qb3+ Ka5 47. Qxb4+ Ka6 48. Qd6+ b6 49. Qe7 Rff8 50. Kd5 Kb7 51. Kd6 Rh8 52. Qe4+ Kb8 53. Qc6 h5 54. Qxb6+ Ka8 55. Qa6+ Kb8 56. Qb6+ Ka8 57. Qxd8+ 1-0